Comentarios a los códigos penal y de procedimiento penal (Registro nro. 92016)

Detalles MARC
000 -ENCABEZADO
Número de control [NR] 01720nam a22003137a 4500
008 - DE LONGITUD FIJA DE DATOS DE ELEMENTOS - INFORMACIÓN GENERAL
Elementos de longitud fija [NR] 130821s2002 ck gr spa
020 ## - NUMERO INTERNACIONAL NORMALIZADO PARA LIBROS [R]
Número Internacional Normalizado del libro [NR] 9586166155
040 ## - FUENTE DE CATALOGACION [NR]
Agencia de catalogación original [NR] Co-BoUCM
Idioma de catalogación [NR] spa
041 00 - CODIGO DE IDIOMA [R]
Código de idioma para texto/pista de sonido o título separado [R] Español
092 ## - SIGNATURA TOPOGRAFICA LOCAL
Número de clasificación local 345.05
Item number C732
245 00 - MENCION DE TITULO [NR]
Título [NR] Comentarios a los códigos penal y de procedimiento penal
Mención de responsabilidad, etc. [NR] Claudia López Díaz; Compiladora; José Joaquín Urbano Martínez; Carlos Arturo Gómez Pavajeau; Luis Edgar Martínez...[et, al]
260 ## - PUBLICACION, DISTRIBUCION, ETC. (PIE DE IMPRENTA) [R]
Lugar de publicación, distribución, etc. [R] Bogotá (Colombia)
Nombre del editor, distribuidor, etc. [R] Universidad Externado de Colombia
Fecha de publicación, distribución, etc. [R] 2002
300 ## - DESCRIPCION FISICA [R]
Extensión [R] 733 páginas
505 ## - NOTA DE CONTENIDO CON FORMATO PREESTABLECIDO [R]
Nota de contenido con formato preestablecido [NR] El derecho penal del estado constitucional de derecho; La aplicación de la ley penal; La manipulación genética y las nuevas tecnologías de investigación científica; Delitos contra la libertad, integridad y formación sexuales; Delitos contra la familia; Delitos contra la salud pública; Delitos contra la eficaz y recta impartición de justicia; Los sujetos procesales; El testimonio.
650 04 - ASIENTO SECUNDARIO DE MATERIA - TERMINO TEMATICO [R]
9 (RLIN) 7971
Término temático o nombre geográfico como elemento de entrada [NR] Procedimiento penal
Subdivisión geográfica [R] Colombia
650 04 - ASIENTO SECUNDARIO DE MATERIA - TERMINO TEMATICO [R]
Término temático o nombre geográfico como elemento de entrada [NR] Derecho penal
9 (RLIN) 12805
650 04 - ASIENTO SECUNDARIO DE MATERIA - TERMINO TEMATICO [R]
Término temático o nombre geográfico como elemento de entrada [NR] Derecho penal
Subdivisión general [R] Legislación
-- Crítica e interpretación, etc.
Subdivisión geográfica [R] Colombia
9 (RLIN) 12805
650 04 - ASIENTO SECUNDARIO DE MATERIA - TERMINO TEMATICO [R]
Término temático o nombre geográfico como elemento de entrada [NR] Derecho penal
Subdivisión general [R] Legislación
Subdivisión geográfica [R] Colombia
9 (RLIN) 12805
650 04 - ASIENTO SECUNDARIO DE MATERIA - TERMINO TEMATICO [R]
Término temático o nombre geográfico como elemento de entrada [NR] Derecho penal
Subdivisión geográfica [R] Colombia
Subdivisión de forma [R] Ensayos, conferencias, etc.
9 (RLIN) 12805
650 04 - ASIENTO SECUNDARIO DE MATERIA - TERMINO TEMATICO [R]
Término temático o nombre geográfico como elemento de entrada [NR] Derecho procesal
9 (RLIN) 12822
650 04 - ASIENTO SECUNDARIO DE MATERIA - TERMINO TEMATICO [R]
Término temático o nombre geográfico como elemento de entrada [NR] Derecho procesal
Subdivisión general [R] Codificación
Subdivisión geográfica [R] Colombia
9 (RLIN) 12822
650 04 - ASIENTO SECUNDARIO DE MATERIA - TERMINO TEMATICO [R]
Término temático o nombre geográfico como elemento de entrada [NR] Derecho procesal
Subdivisión general [R] Codificación
Subdivisión geográfica [R] Colombia
Subdivisión de forma [R] Comentarios
9 (RLIN) 12822
700 ## - ASIENTO SECUNDARIO - NOMBRE PERSONAL [R]
Nombre personal [NR] GÓMEZ PAVAJEAU, Carlos Arturo
700 ## - ASIENTO SECUNDARIO - NOMBRE PERSONAL [R]
Nombre personal [NR] LÓPEZ DÍAZ, Claudia; Compilador
700 ## - ASIENTO SECUNDARIO - NOMBRE PERSONAL [R]
Nombre personal [NR] MARTÍNEZ, Luis Edgar
700 ## - ASIENTO SECUNDARIO - NOMBRE PERSONAL [R]
Nombre personal [NR] URBANO MARTÍNEZ, José Joaquín
800 ## - ASIENTO SECUNDARIO DE SERIE--NOMBRE PERSONAL [R]
Nombre personal [NR] BB-J-DPENAL
942 ## - ELEMENTOS DE ENTRADA AGREGADOS (KOHA)
Tipo de ítem principal el descrito en 300a Libro
Tema principal Derecho
Edición 1
Parte restante de la signatura top. C732
Sistema de clasificación DEWEY
Clasificación 345.05
Existencias
Fecha de último préstamo Total préstamos Signatura topográfica Código de barras Última vez visto Ejemplar Price effective from Tipo de ítem Perdido Sistema de clasificación Dañado No prestable Tipo de ítem específico Suprimido Ubicación habitual Ubicación actual Localización Fecha de creación Forma de adquisición Costo Total Renewals
15/11/2007 5 345.05 C732 100065082 05/12/2025 Ej.1 03/02/2013 Libro   DEWEY     Libro   Claustro Claustro 3er piso 28/02/2004 Compra 73950.00  
11/03/2016 82 345.05 C732 100065083 05/12/2025 Ej.2 03/02/2013 Libro   DEWEY     Libro   Claustro Claustro 3er piso 28/02/2004 Compra 73950.00 1